[Event "Stay Safe Play From Home 304"]
[Site "Emanuel Lasker Arena"]
[Date "2020.07.15"]
[Round "6"]
[White "Tolka"]
[Black "Lazieri3"]
[Result "1-0"]
[WhiteElo "2341"]
[BlackElo "2074"]
[Annotator "RC"]
[PlyCount "99"]
[EventDate "2020.07.15"]
[EventType "swiss (blitz)"]

1. e4 {[%emt 0:00:01]} c6 {[%emt 0:00:01]} 2. Nc3 {[%emt 0:00:00]} d5 {[%emt 0:00:01]} 3. d4 {[%emt 0:00:00]} dxe4 {[%emt 0:00:00]} 4. Nxe4 {[%emt 0:00:00]} Nf6 {[%emt 0:00:01]} 5. Nxf6+ {[%emt 0:00:01]} exf6 {[%emt 0:00:00]} 6. Nf3 {[%emt 0:00:01]} Bd6 {[%emt 0:00:00]} 7. Be2 {[%emt 0:00:01]} O-O {[%emt 0:00:00]} 8. O-O {[%emt 0:00:01]} Re8 {[%emt 0:00:00]} 9. c4 {[%emt 0:00:00]} Bf5 {[%emt 0:00:01]} 10. h3 {[%emt 0:00:01]} Nd7 {[%emt 0:00:01]} 11. Nh4 {[%emt 0:00:01]} Bg6 {[%emt 0:00:01]} 12. Nxg6 {[%emt 0:00:01]} hxg6 {[%emt 0:00:00]} 13. Be3 {[%emt 0:00:00]} Nf8 {[%emt 0:00:01]} 14. Qd2 {[%emt 0:00:00]} Ne6 {[%emt 0:00:01]} 15. Rad1 {[%emt 0:00:01]} Qc7 {[%emt 0:00:01]} 16. Bf3 {[%emt 0:00:01]} Bf4 {[%emt 0:00:01]} 17. Rfe1 {[%emt 0:00:01]} Bxe3 {[%emt 0:00:01]} 18. Qxe3 {[%emt 0:00:00]} Ng5 {[%emt 0:00:04]} 19. Qxe8+ {[%emt 0:00:03]} Rxe8 {[%emt 0:00:00]} 20. Rxe8+ {[%emt 0:00:01]} Kh7 {[%emt 0:00:00]} 21. Bg4 {[%emt 0:00:03]} f5 {[%emt 0:00:02]} 22. Be2 {[%emt 0:00:01]} Ne4 {[%emt 0:00:02]} 23. Bf3 {[%emt 0:00:02]} Qd7 {[%emt 0:00:02]} 24. Ra8 {[%emt 0:00:02]} Ng5 {[%emt 0:00:02]} 25. Rxa7 {[%emt 0:00:02]} Nxf3+ {[%emt 0:00:01]} 26. gxf3 {[%emt 0:00:00]} f4 {[%emt 0:00:01]} 27. Kh2 {[%emt 0:00:02]} g5 {[%emt 0:00:01]} 28. Ra3 {[%emt 0:00:01]} f6 {[%emt 0:00:02]} 29. d5 {[%emt 0:00:01]} cxd5 {[%emt 0:00:01]} 30. Rxd5 {[%emt 0:00:00]} Qc6 {[%emt 0:00:02]} 31. Rd4 {[%emt 0:00:02]} Kg6 {[%emt 0:00:02]} 32. Rad3 {[%emt 0:00:01]} Kh5 {[%emt 0:00:01]} 33. b3 {[%emt 0:00:01]} Kh4 {[%emt 0:00:01]} 34. Rd8 {[%emt 0:00:01]} Kh5 {[%emt 0:00:01]} 35. a4 {[%emt 0:00:01]} Qc5 {[%emt 0:00:04]} 36. Kg2 {[%emt 0:00:02]} Qc6 {[%emt 0:00:06]} 37. R8d4 {[%emt 0:00:01]} f5 {[%emt 0:00:01]} 38. Rd8 {[%emt 0:00:03]} g4 {[%emt 0:00:01]} 39. hxg4+ {[%emt 0:00:01]} fxg4 {[%emt 0:00:01]} 40. R3d5+ {[%emt 0:00:01]} Kg6 {[%emt 0:00:02]} 41. R8d6+ {[%emt 0:00:01]} Qxd6 {[%emt 0:00:01]} 42. Rxd6+ {[%emt 0:00:00]} Kf5 {[%emt 0:00:01]} 43. fxg4+ {[%emt 0:00:00]} Kxg4 {[%emt 0:00:00]} 44. f3+ {[%emt 0:00:01]} Kh4 {[%emt 0:00:01]} 45. Rb6 {[%emt 0:00:00]} g5 {[%emt 0:00:00]} 46. Rxb7 {[%emt 0:00:00]} g4 {[%emt 0:00:00]} 47. Rh7+ {[%emt 0:00:00]} Kg5 {[%emt 0:00:01]} 48. Rg7+ {[%emt 0:00:00]} Kh4 {[%emt 0:00:01]} 49. Rxg4+ {[%emt 0:00:01]} Kh5 {[%emt 0:00:00]} 50. a5 {[%emt 0:00:00] Time (Lag: Av=0.63s, max=1.1s) '} 1-0

[Event "Stay Safe Play From Home 304"]
[Site "Emanuel Lasker Arena"]
[Date "2020.07.15"]
[Round "6"]
[White "Jhhonnyy"]
[Black "Broken sword"]
[Result "1/2-1/2"]
[WhiteElo "2324"]
[BlackElo "2428"]
[Annotator "TA"]
[PlyCount "85"]
[EventDate "2020.07.15"]
[EventType "swiss (blitz)"]

{[%evp 9,85,-75,-69,-91,-96,-97,-65,-75,-62,-89,-75,-88,-58,-91,-31,-44,-44,-26,-43,-76,-7,-6,-9,-13,-9,-36,-1,0,17,-42,0,0,88,83,88,89,86,90,86,77,77,19,64,54,56,60,147,153,172,163,163,163,231,137,172,96,107,56,95,97,144,137,133,136,354,0,0,0,0,0,0,0,0,0,0,0,0,0]} 1. d4 Nf6 2. c4 e6 3. Nf3 d5 4. Ng1 {[#]} c5 $146 ({Predecessor:} 4... Ng8 5. Nc3 Nf6 6. Nf3 Nbd7 7. e3 c6 8. Be2 Bd6 9. O-O a6 10. Qc2 h6 11. Rd1 O-O 12. b3 Rb8 13. Bb2 b5 14. Rd2 Bb7 15. c5 Bc7 16. b4 Qe7 17. Bd3 {0-1 (43) Bajramovic,H (2245)-Obuca,B (2168) Cazin 2009}) 5. cxd5 cxd4 6. dxe6 {D30: Queen's Gambit Declined: Systems without Nc3.} Bxe6 7. Nf3 Nc6 8. g3 {Black is slightly better.} Bb4+ 9. Bd2 Bc5 {White must now prevent ...Qb6.} 10. Bg2 O-O 11. O-O Rc8 (11... Qb6 $17 12. Qc2 Rac8) 12. Bg5 $15 h6 13. Bxf6 $1 Qxf6 14. Nbd2 {[#]} Rfd8 (14... d3 $1 $17 {[%mdl 512] And now ...dxe2 would win.} 15. exd3 Qxb2) 15. Ne4 $11 Qe7 16. Nxc5 Qxc5 17. Rc1 Qd6 18. a3 Bd5 19. Qa4 (19. b4 $11) 19... a6 (19... d3 $5 20. exd3 Qf6 $11) 20. Rfd1 Bxf3 (20... Qe7 $11 {keeps the balance.}) 21. Bxf3 $16 Qf6 22. Bxc6 Rxc6 23. Rxc6 Qxc6 24. Qxc6 bxc6 {[%mdl 4096] Endgame KR-KR} 25. e3 (25. Rc1 $16) 25... c5 26. exd4 cxd4 27. Kf1 Rb8 ({Black should try} 27... d3 $14) 28. b4 a5 29. Rxd4 axb4 30. axb4 Ra8 (30... Re8 {keeps fighting.} 31. Kg2 Rb8) 31. Kg2 (31. Ke2 $18) 31... Ra2 32. h4 ({White should play} 32. Rd8+ $18 Kh7 33. Kf3) 32... Rb2 33. Rd8+ Kh7 34. Rb8 g6 35. b5 Kg7 36. Kf3 h5 $2 {[#]} (36... Kf6 $16 {was necessary.} 37. b6 Ke5) 37. g4 $2 (37. Ke4 $18) 37... Rb3+ {The position is equal.} 38. Kg2 {Strongly threatening g5.} hxg4 39. b6 Kh7 40. Rb7 Kg7 41. Rb8 Kh7 42. Rb7 Kg7 43. Rb8 {Blacks defense is rewarded with a draw. Accuracy: White = 68%, Black = 47%.} 1/2-1/2

[Event "Stay Safe Play From Home 304"]
[Site "Emanuel Lasker Arena"]
[Date "2020.07.15"]
[Round "6"]
[White "Scorpio New"]
[Black "Bardellosport"]
[Result "0-1"]
[WhiteElo "2127"]
[BlackElo "2005"]
[Annotator "TA"]
[PlyCount "142"]
[EventDate "2020.07.15"]
[EventType "swiss (blitz)"]

{[%evp 9,141,-408,-411,-410,-410,-413,-418,-427,-429,-429,-401,-434,-383,-463,-452,-585,-361,-428,-346,-643,-490,-627,-476,-464,-475,-688,-635,-689,-631,-804,-795,-1022,-1034,-1015,-985,-1068,-1083,-1092,-1084,-1083,-764,-835,-841,-843,-821,-1016,-1016,-1372,-1378,-1374,-1325,-1252,-1036,-991,-942,-1364,-1264,-1095,-1389,-1334,-1338,-1323,-1305,-1394,-1206,-2702,-2264,-2022,-1971,-5689,-5593,-29985,-29986,-29986,-29987,-29988,-29989,-29989,-29990,-29993,-29992,-29992,-29988,-29988,-29989,-29993,-29993,-29993,-29994,-29994,-29991,-29991,-29992,-29992,-29993,-29995,-29994,-29995,-29993,-29996,-27999,-27999,-27999,-27999,-27999,-27999,-27999,-27999,-27999,-27999,-27999,-27999,-27999,-27999,-27999,-27999,-27999,-27998,-27998,-27999,-27999,-27999,-27998,-27999,-27998,-27999,-27998,-27999,-27998,-27999,-27999,-27999,-27999,-27999]} 1. d3 d6 2. Nf3 g6 3. Bh6 ({Predecessor:} 3. e4 c6 4. Be2 Bg7 5. O-O Nf6 6. a4 a5 7. h3 O-O 8. c3 e5 9. Be3 h6 {½-½ (60) Michna,M (2376)-Lanchava,T (2314) Heraklion 2017}) 3... Bxh6 4. c3 Bg7 5. Nbd2 Nd7 6. Qc2 {A00: Irregular Openings.} e5 7. g3 f5 8. Bg2 {Black is winning.} Ngf6 9. e4 O-O 10. Ng5 Qe7 11. Qb3+ Kh8 12. Ngf3 h6 13. Qc2 Nc5 14. h4 $2 (14. Nh4 Qe8 15. exf5 Bxf5 16. Nxf5 gxf5 17. O-O) 14... fxe4 15. dxe4 h5 16. b4 Ne6 17. O-O-O (17. O-O $142) 17... Ng4 18. Rhf1 Bd7 19. Kb1 a5 20. a3 axb4 21. axb4 Ba4 22. Qb2 Bxd1 23. Rxd1 c5 24. Nc4 Rfd8 25. b5 Qf7 26. Nb6 Ra7 27. Nd5 Rda8 28. b6 {[#]} Ra1+ $1 29. Qxa1 Rxa1+ 30. Kxa1 Nxf2 31. Rf1 Nxe4 32. Ng5 Qd7 33. Nxe4 Qa4+ 34. Kb2 Qb5+ 35. Kc1 Qe2 36. Ndf6 Bxf6 37. Nxf6 Qxg2 38. Rd1 Qc6 39. Nd5 {[#]} Nd4 $1 40. cxd4 cxd4+ {Black mates.} 41. Kd2 Qxd5 {[%mdl 4096] Endgame KQ-KR} 42. Rf1 e4 43. Rf8+ Kg7 44. Rd8 e3+ 45. Kd3 Qf3 46. Kxd4 e2 47. Rd7+ Kf6 48. Rxd6+ {[#]} Ke7 $1 49. Rd5 {[#]} Qxd5+ $1 {[%mdl 64] Promotion} 50. Kxd5 e1=Q 51. Kd4 Qxg3 52. Kc5 Qxh4 53. Kb5 Qf6 54. Ka5 {[#]} Qxb6+ $1 55. Kxb6 {KP-KP} h4 56. Kxb7 h3 57. Kc6 h2 58. Kc7 h1=Q 59. Kb6 g5 60. Kc5 g4 61. Kd4 g3 62. Kd3 g2 63. Ke4 g1=Q+ 64. Kf4 Qhg2 65. Ke5 Q1f1 66. Kd4 Qge2 67. Kc5 Qfd1 68. Kb4 Qec2 69. Ka3 Qa1+ 70. Kb4 Qab1+ 71. Ka3 Qca2# {Accuracy: White = 42%, Black = 68%.} 0-1

[Event "Stay Safe Play From Home 304"]
[Site "Emanuel Lasker Arena"]
[Date "2020.07.15"]
[Round "6"]
[White "SoulofWolf"]
[Black "Buzaglo"]
[Result "1-0"]
[WhiteElo "2113"]
[BlackElo "1877"]
[Annotator "TA"]
[PlyCount "107"]
[EventDate "2020.07.15"]
[EventType "swiss (blitz)"]

{[%evp 9,107,13,30,27,23,27,43,-67,16,16,16,2,21,0,11,0,5,-9,-12,0,20,-11,-1,-52,-58,-70,-78,-95,-72,-106,-104,-180,-111,-102,-89,-106,-55,-78,-77,-99,-30,-35,-15,-182,-182,-181,-182,-292,-284,-314,-205,-218,-180,-199,-177,-179,-163,-227,-190,-199,-188,-323,-306,-745,-779,-732,-645,-649,-642,-760,-318,-974,-952,-945,-702,-905,-839,-1405,-643,-1423,-1390,-1956,-818,-6195,-6191,-4132,-1112,-1135,-1135,-896,-1083,-871,-132,-4134,-3235,-5716,-5716,-4582,-80,-177]} 1. d4 d5 2. Nf3 Nf6 3. c4 e6 4. Nc3 Bb4 5. Qb3 Bxc3+ 6. Qxc3 {D38: Queen's Gambit Declined: Ragozin Defence (4 Nf3 Bb4).} O-O 7. Bg5 dxc4 {[#]} 8. e4 $146 (8. Qxc4 $14 Bd7 9. e4) ({Predecessor:} 8. e3 b5 9. a4 c6 10. axb5 cxb5 11. b3 Nd5 12. Bxd8 Nxc3 13. Ba5 Ne4 14. bxc4 bxc4 15. Bxc4 {1-0 (25) Sempio,S-Harding,M ICCF email 2016}) 8... h6 (8... Nxe4 $15 9. Bxd8 Nxc3 10. Bxc7 Nd5) 9. Bxf6 $1 $11 Qxf6 10. Bxc4 c5 11. e5 Qe7 12. O-O Nc6 13. d5 exd5 14. Bxd5 Be6 15. Be4 Rad8 16. Rac1 ({White should play} 16. Bxc6 $11 bxc6 17. Rfe1) 16... Bd5 $15 17. Bxd5 Rxd5 18. Rfe1 b6 19. Qb3 Rfd8 20. Qb5 (20. e6 $17) 20... Nd4 ({Better is} 20... Nb4 $19 {Strongly threatening ...Nd3.} 21. Re4 Nxa2) 21. Nxd4 $17 Rxd4 22. h3 Qg5 (22... Rd2 $17 23. Re2 Qg5) 23. Qc6 Rd2 24. e6 {[#] Threatens to win with e7.} fxe6 (24... Qe7 $17 25. Rb1 R2d6) 25. Qxe6+ $11 Kh8 {...Rf8 is the strong threat.} 26. Qe3 $2 (26. Rc4 $11) 26... Qxe3 $19 27. Rxe3 Rxb2 {[%mdl 4096] Endgame KRR-KRR} 28. Ra1 (28. a4 {might work better.}) 28... Rdd2 29. Rf3 Kh7 30. a4 a5 31. Raa3 Rd6 32. Kh2 Rbd2 33. Rab3 (33. g4 $142) 33... R2d4 34. Ra3 Rb4 35. Rfc3 (35. Rfe3 $142) 35... Rdd4 36. g3 $2 (36. Rab3) 36... Rxa4 37. Rab3 Rab4 38. Ra3 a4 39. Rc1 b5 (39... Rb3 $142 40. Ra2 a3) 40. Rca1 $2 (40. Rxc5 Rb2 41. Kg2) 40... Rd2 41. Kg2 Rbb2 42. Rf1 c4 43. Rf3 Rbc2 (43... b4 $142 44. Re3 a3) 44. Rf5 b4 {[%cal Bb5b4,Bb4b3][%mdl 32]} 45. Rb5 a3 (45... b3 $142 46. g4 b2 47. Rxb2 Rxb2) 46. h4 a2 47. Ra5 a1=Q (47... b3 $142 48. Kf3 {[#]} Rc1 $1 {[%mdl 512]} 49. Rxa2 Rxf1 50. Rxd2 c3) 48. Raxa1 b3 49. Rab1 Ra2 50. g4 c3 $2 (50... b2 $19 {is more deadly.} 51. Kf3 c3) 51. g5 $2 {[%mdl 8192]} (51. Rxb3 $17 c2 52. Rc3) 51... c2 52. g6+ Kxg6 {( -> ...Rxf2+!)} 53. Rxb3 c1=Q $2 (53... Rd1 $19 54. h5+ Kxh5) 54. Rg3+ {[%mdl 32768] Accuracy: White = 36%, Black = 52%. . Loss on time!?} (54. Rxc1 $17 {is the only way for White.} Rxf2+ 55. Kg3) 1-0

[Event "Stay Safe Play From Home 304"]
[Site "Emanuel Lasker Arena"]
[Date "2020.07.15"]
[Round "6"]
[White "Tartak"]
[Black "TheCHESSHOUSE"]
[Result "0-1"]
[WhiteElo "1557"]
[BlackElo "2023"]
[Annotator "TA"]
[PlyCount "74"]
[EventDate "2020.07.15"]
[EventType "swiss (blitz)"]

{[%evp 13,74,-6,2,-78,-14,-50,9,-47,0,0,10,11,8,-84,-86,-192,-180,-189,-163,-178,-143,-558,-579,-565,-511,-928,-589,-735,-733,-827,-751,-1009,-673,-1379,-834,-1366,-845,-1599,-1566,-1447,-1200,-2617,-2597,-2095,-1383,-1291,-1219,-1346,-1294,-29992,-1687,-1687,-939,-1600,-1337,-29973,-29974,-29973,-29973,-29974,-29974,-1974,-1556]} 1. e4 c5 2. Nf3 d6 3. d4 cxd4 4. Nxd4 Nf6 5. Nc3 g6 6. Bd3 Bg7 7. Be3 O-O 8. f4 {B72: Sicilian Dragon: 6 Be3, lines with h3+Bc4 and sidelines.} (8. Be2 $11) 8... Nc6 (8... Ng4 $17 9. Bg1 e5 10. fxe5 Nc6) 9. Qd2 Bd7 (9... Ng4 $15 10. Nde2 Nxe3 11. Qxe3 Bg4) 10. O-O-O {[#]} ({Better is} 10. h3 $11) 10... Rb8 $146 (10... Ng4 $5 {[%cal Rc6d4]} 11. Nxc6 bxc6 $15) ({Predecessor:} 10... Ng4 11. Nde2 Nxe3 12. Qxe3 Qb6 13. Qxb6 axb6 14. Nd5 Rxa2 15. c3 Ra6 16. Bxa6 bxa6 17. Nxb6 {1-0 (66) Arcos Tejeda,A-Sumi,D Lima 2013}) 11. h3 a6 12. g4 b5 13. e5 (13. Qf2 $11) 13... dxe5 $17 14. fxe5 (14. Nb3 $17) 14... Nxe5 $19 15. g5 Nh5 16. Be2 b4 17. Bxh5 $2 {[%mdl 8192] White does not recover from this.} (17. Ne4 $17 {is tougher.}) 17... bxc3 ({Weaker is} 17... gxh5 18. Nd5 $17) 18. Qxc3 gxh5 19. Rdf1 (19. Nb3 $142 Nc6 20. Qd3) 19... Ng6 20. Qd2 Qc7 21. h4 Rfc8 22. c3 e5 23. Nf3 Rd8 {[#] aiming for ...Bf5.} 24. Qf2 Be6 25. Rh2 e4 {Threatens to win with ...Bxc3.} 26. Nd4 Bxa2 {Hoping for ...Rxd4!} 27. Bf4 Nxf4 28. Qxf4 Qxf4+ 29. Rxf4 Bxd4 30. cxd4 Rxd4 {[#] ( -> ...Bb3)} 31. Rhf2 Rc8+ (31... Bb3 $142 32. Rc2 Rbd8 33. Rf1 e3 34. Rh1 e2 35. Kb1 Rd1+ {[%mdl 64] Double Attack} 36. Rc1 Rxh1 37. Rxh1 Rd1+ {[%mdl 64] Back Rank} 38. Rxd1 exd1=Q#) 32. Rc2 Rxc2+ 33. Kxc2 Be6 34. Kc3 Rd3+ 35. Kb4 e3 36. Re4 Rb3+ 37. Ka4 Rxb2 {Accuracy: White = 19%, Black = 38%.} 0-1

[Event "Stay Safe Play From Home 304"]
[Site "Emanuel Lasker Arena"]
[Date "2020.07.15"]
[Round "6"]
[White "Klasman"]
[Black "Weltszmerc"]
[Result "0-1"]
[WhiteElo "1306"]
[BlackElo "2164"]
[Annotator "TA"]
[PlyCount "46"]
[EventDate "2020.07.15"]
[EventType "swiss (blitz)"]

{[%evp 9,46,-7,8,0,61,-55,-29,-80,-43,-77,-62,-116,-112,-140,-49,-65,-68,-85,-90,-97,-87,-144,-117,-120,-121,-144,-104,-201,-203,-204,-214,-251,-244,-237,-208,-210,-203,-226,-46]} 1. f4 Nf6 2. Nf3 d5 3. c4 c6 4. d4 {[#]} dxc4 $146 ({Predecessor:} 4... Bg4 5. Ne5 e6 6. Nxg4 Nxg4 7. e4 Bb4+ 8. Nc3 f5 9. e5 O-O 10. Be2 Qh4+ {1-0 (31) Demir,G (2239)-Duneas,J (2075) ICC INT 2009}) 5. e3 b5 6. a4 {A03: Bird's Opening with 1...d5.} a6 (6... Nbd7 $11) 7. Nc3 (7. axb5 $14 cxb5 8. b3) 7... Bb7 $1 $15 8. b3 (8. f5 $11) 8... cxb3 9. Qxb3 e6 10. Bb2 (10. Bd3 $15) 10... Be7 11. Ne5 Nd5 (11... b4 $17 12. Nd1 c5) 12. Nxd5 Qxd5 13. Qxd5 exd5 14. Be2 Nd7 15. O-O (15. Nd3 $142) 15... Nxe5 16. fxe5 O-O 17. Bh5 f6 18. e6 (18. axb5 $17 axb5 19. exf6 gxf6 20. Be2) 18... g6 19. Bg4 f5 20. Bh3 Rf6 21. g4 {Black is clearly better.} fxg4 22. Rxf6 Bxf6 23. Bxg4 Kg7 $2 {Accuracy: White = 41%, Black = 63%.} ({Better is} 23... b4 $19 24. a5 h5) 0-1

[Event "Stay Safe Play From Home 304"]
[Site "Emanuel Lasker Arena"]
[Date "2020.07.15"]
[Round "7"]
[White "Broken sword"]
[Black "Tolka"]
[Result "1-0"]
[WhiteElo "2423"]
[BlackElo "2347"]
[Annotator "TA"]
[PlyCount "107"]
[EventDate "2020.07.15"]
[EventType "swiss (blitz)"]

{[%evp 9,107,39,48,31,79,14,10,-35,41,19,29,6,13,11,22,22,25,0,31,16,21,7,57,41,56,52,73,12,10,0,0,0,0,0,172,-10,64,0,15,12,37,-7,-7,-14,0,-15,0,0,0,0,0,0,0,0,0,0,235,0,0,0,0,0,0,0,0,0,0,0,0,0,0,0,0,0,0,0,0,0,0,0,0,0,0,0,0,0,0,0,0,0,0,0,103,0,103,103,103,103,104,131]} 1. e4 Nf6 2. e5 Nd5 3. d4 d6 4. Nf3 dxe5 5. Nxe5 c6 6. h3 {B04: Alekhine's Defence: 4 Nf3.} Bf5 {[#]} 7. c3 $146 (7. g4 $16 Be6 8. f4) ({Predecessor:} 7. c4 Nb4 8. Na3 Nd7 9. g4 Nxe5 10. gxf5 Qxd4 11. Qxd4 Nf3+ 12. Kd1 Nxd4 13. Bd2 a5 {0-1 (43) Bosiocic,M (2625)-Bortnyk,O (2598) chess.com INT 2020}) 7... Nd7 8. Nf3 {[#]The position is equal.} (8. Bd3 {feels hotter.} e6 9. O-O Nxe5 10. Bxf5 exf5 11. Re1) 8... Bg6 ({Black should try} 8... e5 $1 $15 {[%mdl 512]}) 9. Bc4 e6 10. Bb3 Bd6 11. O-O Qc7 12. Re1 O-O 13. Nbd2 {[%cal Bb1d2,Bd2c4,Bc4e5][%mdl 32]} Bf4 14. Nc4 Bxc1 15. Qxc1 b5 16. Nce5 Nxe5 17. Nxe5 a5 18. Bxd5 (18. a4 $16) 18... cxd5 $11 19. Qd2 Rfc8 20. Rac1 Rab8 21. a3 Qb6 $2 (21... Qd8 $11) 22. b4 $2 (22. Nd7 $18 Qd6 23. Nxb8) 22... axb4 (22... Rb7 $11) 23. axb4 (23. cxb4 $14 Qa6 24. Qe3) 23... Qb7 24. Ra1 Ra8 25. Rec1 Bf5 26. g4 Bg6 27. f3 Rxa1 28. Rxa1 Ra8 29. Rxa8+ Qxa8 30. h4 Qa1+ 31. Kg2 Qb1 32. h5 Bc2 $2 {[#]} (32... Qc2 $11 {and Black has nothing to worry.} 33. Qf2 Bd3) 33. Nd7 $2 (33. Qf4 $1 $18 {[%cal Rf4f7]} f6 34. Nc6) 33... Bd3 34. Nc5 Qf1+ 35. Kg3 $1 Qg1+ 36. Qg2 Qe3 37. Qf2 Qxf2+ 38. Kxf2 {[%mdl 4096] Endgame KB-KN} Bc4 39. Ke3 Kf8 40. Nd7+ Ke7 41. Ne5 f6 42. Nc6+ Kd6 43. Na5 g6 44. h6 g5 45. f4 gxf4+ 46. Kxf4 Bd3 47. Nb7+ Ke7 $1 48. g5 Bg6 49. Nc5 fxg5+ 50. Kxg5 Kd6 (50... Bf5 $11 {keeps the balance.}) 51. Nb7+ ({Only move:} 51. Kf6 $16 Bf5 52. Nb3) 51... Kc7 {[#]} (51... Ke7 $1 $11) 52. Na5 $1 $16 {White is better.} Kd6 53. Kf6 {Black must now prevent Nb7+.} Bf5 54. Nb3 {Accuracy: White = 75%, Black = 74%.} 1-0

[Event "Stay Safe Play From Home 304"]
[Site "Emanuel Lasker Arena"]
[Date "2020.07.15"]
[Round "7"]
[White "Weltszmerc"]
[Black "TheCHESSHOUSE"]
[Result "0-1"]
[WhiteElo "2164"]
[BlackElo "2025"]
[Annotator "TA"]
[PlyCount "86"]
[EventDate "2020.07.15"]
[EventType "swiss (blitz)"]

{[%evp 17,86,59,62,68,114,94,122,107,137,128,169,118,124,121,93,6,51,0,39,0,0,0,0,0,89,0,0,0,0,0,34,35,43,12,48,45,38,40,47,43,83,0,0,0,0,0,0,-111,-4,-153,-125,-275,-275,-259,-247,-29975,-29975,-29960,-29964,-9839,-5979,-5139,-4614,-3821,-2147,-29957,-29951,-11150,-9568,-5030,-4922]} 1. d4 Nf6 2. c4 g6 3. Nc3 Bg7 4. e4 d6 5. f3 O-O 6. Nge2 e5 7. Be3 Nc6 8. d5 Ne7 9. g4 c6 10. Ng3 {E85: King's Indian: Sämisch: 6...e5.} Qa5 11. Qd2 cxd5 12. cxd5 {White is better.} Bd7 13. h4 {[#]} h5 $146 {[#]} ({Predecessor:} 13... Rfc8 14. h5 b5 15. hxg6 fxg6 16. g5 Ne8 17. Bd3 b4 18. Nd1 Nc7 19. Qh2 Nb5 20. Qxh7+ {0-1 (41) Gagic,M (1878)-Novakovic,S (2203) Valjevo 2010}) 14. gxh5 (14. Bg5 $1 $18) 14... Nxh5 $16 15. Nxh5 gxh5 16. Bh6 (16. O-O-O $16) 16... Ng6 17. Rg1 (17. O-O-O $14) 17... Kh7 18. Bxg7 (18. Be3 $5 {[%cal Rg1g5]}) 18... Kxg7 19. O-O-O Rac8 {Strongly threatening ...Qxa2.} 20. Kb1 b5 (20... Rh8 $11) 21. f4 (21. Bd3 $16) 21... exf4 $11 22. Qxf4 Rxc3 23. bxc3 {Threatens to win with e5.} Qxc3 (23... Bg4 $5 24. Rxg4 hxg4 25. Qxg4 (25. Qxd6 Qxc3 26. h5 Rc8 $15) 25... Qxc3 $11) 24. Qd2 Qe5 25. Qb2 (25. Rg5 {keeps more tension.} Qxe4+ 26. Bd3 Qxh4 27. Rdg1 Qd4 28. Rf1) 25... Bg4 26. Qxe5+ Nxe5 27. Be2 ({Avoid the trap} 27. Bxb5 $2 Rb8 $19) 27... f5 28. exf5 ({Not} 28. Bxb5 $2 Rb8 $19) 28... Rxf5 29. Bxg4 (29. Bxb5 $16 Kh6 30. Rc1) 29... hxg4 $14 {[%mdl 4096] Endgame KRR-KRN} 30. Rdf1 Rh5 31. Rf4 Rxh4 32. Re1 {[#]} (32. a4 $11 {remains equal.}) 32... Kg6 ({Better is} 32... a5 $1 $17 33. Rf2 Rh3) 33. Ree4 (33. Ref1 $11) 33... Kg5 {aiming for ...g3.} 34. Kc2 {Now White is beyond hope.} (34. Rf8 $17 {is the only way for White.}) 34... Rh2+ $19 35. Kb3 Rh3+ 36. Kb4 $2 (36. Kc2 $19) 36... Nd3+ {[%mdl 64] Double Attack} 37. Kxb5 Nxf4 {KRN-KR} 38. Re8 Rf3 39. Rg8+ Kh4 40. Kc6 Kg3 41. Kxd6 Rd3 42. Kc6 Rxd5 43. Rf8 Rd2 {Accuracy: White = 48%, Black = 55%.} 0-1

[Event "Stay Safe Play From Home 304"]
[Site "Emanuel Lasker Arena"]
[Date "2020.07.15"]
[Round "7"]
[White "SoulofWolf"]
[Black "NTBT_DHS"]
[Result "0-1"]
[WhiteElo "2120"]
[BlackElo "2491"]
[Annotator "TA"]
[PlyCount "74"]
[EventDate "2020.07.15"]
[EventType "swiss (blitz)"]

{[%evp 13,74,16,6,0,3,-10,7,-41,-16,-35,29,-85,-56,-63,-65,-106,-16,-11,-29,-20,-15,-50,-30,-39,0,-5,0,-356,-350,-350,-185,-188,-185,-192,635,644,624,607,752,753,721,746,738,739,733,737,703,643,625,535,472,0,0,-330,-330,-387,-280,-280,-272,-262,-222,-184,-120]} 1. c4 Nf6 2. Nc3 g6 3. Nf3 Bg7 4. e3 O-O 5. d4 d6 6. Bd3 Nbd7 7. O-O e5 8. d5 {E61: King's Indian: Early deviations for White, including Smyslov System.} Nc5 {[#] Hoping for ...e4.} 9. Bb1 $146 ({Predecessor:} 9. e4 a5 10. Bg5 Qd7 11. h3 Ne8 12. a3 a4 13. Bc2 f5 14. Be3 fxe4 15. Nxe4 Nxe4 16. Bxe4 Nf6 17. Qc2 Nxe4 18. Qxe4 {0-1 (57) Grdenic,E (1205)-Bedic,N (1530) Trogir 2019}) 9... a5 10. a3 {The position is equal.} Bg4 11. h3 Bd7 (11... Bxf3 $15 12. Qxf3 Nb3) 12. Ne2 (12. e4 $11 {keeps the balance.}) 12... Nfe4 13. b3 {[%cal Bb2b3,Bb3b4][%mdl 32]} f5 14. Bb2 {[#]} a4 (14... b5 $1 $17 15. cxb5 Bxb5) 15. b4 $11 Nb3 $36 {[%mdl 2048] Black fights for an advantage.} 16. Ra2 Ng5 {...Nxf3+ is the strong threat.} 17. Nh2 f4 18. exf4 exf4 {And now ...Bxb2 would win.} (18... Nxh3+ {looks sharper.} 19. gxh3 Bxh3 20. Be4 Bh6 21. Bg2 Bxg2 22. Kxg2 Bxf4 23. Rh1 Qd7) 19. Bxg7 Kxg7 20. Bc2 $2 {[%mdl 8192]} (20. h4 $11 {and White stays safe.} Nf7 21. Nxf4) 20... f3 $19 21. gxf3 Nxf3+ ({Less strong is} 21... Bxh3 22. f4 $17) (21... Nxh3+ $142 22. Kh1 Qh4) 22. Nxf3 Rxf3 23. Ng3 Qh4 $4 {[%mdl 8192]} (23... Qf6 $19 24. Be4 Rf4) 24. Qxf3 $18 Rf8 25. Qc3+ Kg8 26. Bxb3 axb3 27. Qxb3 Bxh3 28. Re1 Bg4 29. Qe3 Bf3 30. Qe6+ Rf7 31. Qe8+ Kg7 {( -> ...Qh3)} 32. Qe3 $2 ({White should play} 32. Re3 $18) 32... Qh3 $1 $11 {[%csl Gf3][%cal Rh3g2]} 33. Qxf3 $4 {[%mdl 8192]} (33. Qc3+ $11 {and White is okay.} Kh6 34. Qe3+ Kg7 35. Qc3+ Kh6 36. Qe3+ Kg7) 33... Rxf3 $19 34. Rae2 Rxg3+ 35. fxg3 Qxg3+ {[%mdl 64] Double Attack} 36. Kh1 Qxa3 37. Re7+ {[#]} Kh6 {Accuracy: White = 61%, Black = 22%.} (37... Kf6 $1 $19 38. Rxc7 Qxb4) 0-1